[Event "80. Francia ch femenino"]
[Site "Chartres FRA"]
[Date "2005.08.19"]
[Round "5.3"]
[White "Collas, Silvia"]
[Black "Wohlers-Armas, Friederike"]
[Result "1-0"]
[WhiteElo "2372"]
[BlackElo "2153"]
[PlyCount "71"]
[EventDate "2005.08.15"]
[EventType "tourn"]
[EventRounds "11"]
[EventCountry "FRA"]
[Source "lmi"]
[SourceDate "2005.08.28"]

1. Nf3 c5 2. c4 Nf6 3. Nc3 Nc6 4. d4 cxd4 5. Nxd4 g6 6. e4 d6 7. Be2 Bg7 8. Be3
O-O 9. Qd2 Nxd4 10. Bxd4 Be6 11. O-O Rc8 12. b3 a6 13. f4 Qa5 14. Rad1 Rfd8 15.
f5 Bd7 16. Qe3 Re8 17. g4 h6 18. h4 Nh7 19. e5 Nf8 20. Nd5 dxe5 21. Bb6 Qa3 22.
Rd3 e4 23. Qxe4 Bc6 24. fxg6 Nxg6 25. Rdf3 Ne5 26. Bd3 Bxd5 27. cxd5 Nxf3+ 28.
Rxf3 Rc1+ 29. Kg2 e5 30. dxe6 Rxe6 31. Qh7+ Kf8 32. Bd4 Qxa2+ 33. Rf2 Qxf2+ 34.
Bxf2 Rd1 35. Bc5+ Ke8 36. Qg8+ 1-0

[Event "80. Francia ch femenino"]
[Site "Chartres FRA"]
[Date "2005.08.19"]
[Round "5.5"]
[White "Milliet, Sophie"]
[Black "Fruteau, Sabine"]
[Result "1-0"]
[WhiteElo "2321"]
[BlackElo "2133"]
[PlyCount "75"]
[EventDate "2005.08.15"]
[EventType "tourn"]
[EventRounds "11"]
[EventCountry "FRA"]
[Source "lmi"]
[SourceDate "2005.08.28"]

1. e4 e5 2. Nf3 Nc6 3. Bc4 Bc5 4. c3 Nf6 5. d3 d6 6. Bb3 O-O 7. Nbd2 a6 8. h3
Ba7 9. Nf1 Ne7 10. Be3 Ng6 11. Bxa7 Rxa7 12. g3 d5 13. Qe2 dxe4 14. dxe4 Ra8
15. N3d2 Bd7 16. O-O-O Qe7 17. h4 Rfd8 18. h5 Nf8 19. Ne3 Ne6 20. Nf5 Qe8 21.
Qe3 Ba4 22. f4 Bxb3 23. axb3 Qb5 24. Kc2 Qc5 25. Qf3 Rd7 26. Nc4 Rad8 27. Rxd7
Nxd7 28. Rd1 b5 29. Rd5 Qg1 30. Ne7+ Kf8 31. Nc6 bxc4 32. Nxd8 cxb3+ 33. Kxb3
Qb6+ 34. Kc2 Nxd8 35. Rxd7 Ne6 36. fxe5 Ng5 37. Qf5 h6 38. Rd8+ 1-0

[Event "80. Francia ch femenino"]
[Site "Chartres FRA"]
[Date "2005.08.19"]
[Round "5.6"]
[White "Martsynovskaya, Marina"]
[Black "Leconte, Maria"]
[Result "1-0"]
[WhiteElo "2252"]
[BlackElo "2296"]
[PlyCount "129"]
[EventDate "2005.08.15"]
[EventType "tourn"]
[EventRounds "11"]
[EventCountry "FRA"]
[Source "lmi"]
[SourceDate "2005.08.28"]

1. e4 c5 2. Nf3 Nc6 3. d4 cxd4 4. Nxd4 Qb6 5. Nb3 Nf6 6. Nc3 e6 7. Be3 Qc7 8.
Bd3 a6 9. O-O b5 10. f4 d6 11. Qf3 Bb7 12. Rad1 h5 13. h3 Be7 14. Qf2 h4 15.
Bb6 Qb8 16. a4 bxa4 17. Nxa4 Nb4 18. Nc3 Nxd3 19. cxd3 Nd7 20. Bd4 Bxe4 21.
dxe4 Qxb3 22. Bxg7 Rg8 23. Bd4 Rb8 24. Rd2 Rb4 25. Kh1 Rc4 26. e5 Qb7 27. f5
exf5 28. Qxf5 Rg7 29. Qd3 Rc6 30. e6 Ne5 31. Bxe5 dxe5 32. exf7+ Rxf7 33. Rxf7
Kxf7 34. Qh7+ Kf8 35. Qh8+ Kf7 36. Qh7+ Kf8 37. Rf2+ Ke8 38. Qh5+ Kd7 39. Qxe5
Rd6 40. Rf7 Ke8 41. Rh7 Qc7 42. Nd5 Rxd5 43. Qxc7 Rd1+ 44. Kh2 Bd6+ 45. Qxd6
Rxd6 46. Rxh4 Rb6 47. Re4+ Kf7 48. b4 Kg6 49. g4 Rb5 50. Kg3 a5 51. bxa5 Rxa5
52. h4 Rb5 53. Kf4 Ra5 54. h5+ Kf6 55. Rb4 Rc5 56. g5+ Kg7 57. Rb7+ Kh8 58. Re7
Ra5 59. h6 Ra1 60. Kf5 Rf1+ 61. Kg6 Rf8 62. Rf7 Ra8 63. Rf5 Ra6+ 64. Kh5 Ra1
65. Rf8+ 1-0

[Event "80. Francia ch femenino"]
[Site "Chartres FRA"]
[Date "2005.08.20"]
[Round "6.1"]
[White "Martsynovskaya, Marina"]
[Black "Milliet, Sophie"]
[Result "0-1"]
[WhiteElo "2252"]
[BlackElo "2321"]
[PlyCount "62"]
[EventDate "2005.08.15"]
[EventType "tourn"]
[EventRounds "11"]
[EventCountry "FRA"]
[Source "lmi"]
[SourceDate "2005.08.28"]

1. e4 e5 2. Bc4 Nf6 3. d3 c6 4. f4 exf4 5. Nc3 d5 6. exd5 cxd5 7. Bb5+ Nc6 8.
Qe2+ Be6 9. d4 Bd6 10. Nf3 O-O 11. O-O Bg4 12. Bxc6 bxc6 13. Qa6 Bxf3 14. Rxf3
Qc7 15. Ne2 Nh5 16. Bd2 h6 17. Raf1 Rab8 18. b3 g5 19. Rh3 Nf6 20. Rxh6 Kg7 21.
Rh3 Ne4 22. Qd3 f5 23. g3 Rbe8 24. gxf4 g4 25. Re3 Rh8 26. Ng3 Bxf4 27. Rxf4
Qxf4 28. Qe2 Rh3 29. Qe1 Re6 30. Kg2 Reh6 31. Kg1 Rxh2 0-1

[Event "80. Francia ch femenino"]
[Site "Chartres FRA"]
[Date "2005.08.20"]
[Round "6.2"]
[White "Lallemand, Roza"]
[Black "Cochet, Caroline"]
[Result "1-0"]
[WhiteElo "2287"]
[BlackElo "2136"]
[PlyCount "97"]
[EventDate "2005.08.15"]
[EventType "tourn"]
[EventRounds "11"]
[EventCountry "FRA"]
[Source "lmi"]
[SourceDate "2005.08.28"]

1. e4 c5 2. Nf3 Nc6 3. Bb5 g6 4. O-O Bg7 5. c3 e5 6. d4 cxd4 7. cxd4 exd4 8.
Bf4 Nge7 9. Bd6 O-O 10. Nbd2 Re8 11. Re1 a6 12. Bd3 b6 13. Rc1 Bb7 14. e5 a5
15. Be4 Nc8 16. Bd5 Nxd6 17. exd6 Rb8 18. Qb3 Rf8 19. Ne4 Nb4 20. Bxb7 Rxb7 21.
a3 Nc6 22. Qd5 Rb8 23. b3 h6 24. h4 Kh7 25. h5 Rc8 26. g3 gxh5 27. Qf5+ Kg8 28.
Kg2 Re8 29. Rcd1 Re6 30. Qxh5 Qf8 31. Qf5 Rce8 32. Rh1 Rxe4 33. Ng5 Qxd6 34.
Nxe4 Qe6 35. Qxe6 dxe6 36. f4 Ne7 37. Kf3 Nf5 38. g4 Ne3 39. Rc1 f5 40. gxf5
exf5 41. Nd6 Re6 42. Rc8+ Kh7 43. Rd8 Bf6 44. Rd7+ Re7 45. Ne8 Kg6 46. Nxf6
Kxf6 47. Rxh6+ Kg7 48. Rxe7+ Kxh6 49. Re6+ 1-0

[Event "80. Francia ch femenino"]
[Site "Chartres FRA"]
[Date "2005.08.20"]
[Round "6.3"]
[White "Muller, Anne"]
[Black "Skripchenko, Almira"]
[Result "0-1"]
[WhiteElo "2169"]
[BlackElo "2437"]
[PlyCount "80"]
[EventDate "2005.08.15"]
[EventType "tourn"]
[EventRounds "11"]
[EventCountry "FRA"]
[Source "lmi"]
[SourceDate "2005.08.28"]

1. e4 g6 2. d4 Bg7 3. Nc3 c6 4. Nf3 d6 5. Be3 b5 6. Bd3 Nf6 7. h3 Qc7 8. Qd2
O-O 9. Bh6 Nbd7 10. Bxg7 Kxg7 11. O-O a6 12. Rfe1 e5 13. dxe5 dxe5 14. a4 Bb7
15. Qe3 Rfe8 16. Rad1 Nf8 17. axb5 axb5 18. b4 Bc8 19. Nb1 Qe7 20. c3 Nh5 21.
Nbd2 Ra3 22. Bc2 Nf4 23. Ra1 Rxa1 24. Rxa1 N8e6 25. Ra7 Qf6 26. Kh2 Rd8 27. Ra8
Ng5 28. h4 Nxf3+ 29. Nxf3 h6 30. g3 Qe6 31. Ng1 Nh5 32. Kg2 Qg4 33. Qf3 Qxf3+
34. Nxf3 Bh3+ 35. Kxh3 Rxa8 36. Nxe5 Ra3 37. Kg2 Rxc3 38. Bd1 Nf6 39. Bf3 c5
40. bxc5 Rxc5 0-1

[Event "80. Francia ch femenino"]
[Site "Chartres FRA"]
[Date "2005.08.20"]
[Round "6.4"]
[White "Leconte, Maria"]
[Black "Flear, Christine"]
[Result "1-0"]
[WhiteElo "2296"]
[BlackElo "2242"]
[PlyCount "53"]
[EventDate "2005.08.15"]
[EventType "tourn"]
[EventRounds "11"]
[EventCountry "FRA"]
[Source "lmi"]
[SourceDate "2005.08.28"]

1. e4 c5 2. Nf3 e6 3. d4 cxd4 4. Nxd4 a6 5. Nc3 Qc7 6. g3 Nf6 7. Bg2 Nc6 8. O-O
Nxd4 9. Qxd4 Bc5 10. Qd3 Ng4 11. Qe2 Ne5 12. Kh1 d6 13. f4 Nc6 14. Be3 Bxe3 15.
Qxe3 O-O 16. Rad1 Na5 17. Qd4 Rd8 18. f5 Nc6 19. Qe3 f6 20. g4 Ne5 21. g5 Qf7
22. Qg3 Kh8 23. gxf6 gxf6 24. Qh4 exf5 25. exf5 Ra7 26. Ne4 b5 27. Rxd6 1-0

[Event "80. Francia ch femenino"]
[Site "Chartres FRA"]
[Date "2005.08.20"]
[Round "6.5"]
[White "Wohlers-Armas, Friederike"]
[Black "Benmesbah, Natacha"]
[Result "1-0"]
[WhiteElo "2153"]
[BlackElo "2127"]
[PlyCount "53"]
[EventDate "2005.08.15"]
[EventType "tourn"]
[EventRounds "11"]
[EventCountry "FRA"]
[Source "lmi"]
[SourceDate "2005.08.28"]

1. d4 Nf6 2. c4 c5 3. d5 e6 4. Nc3 exd5 5. cxd5 d6 6. e4 g6 7. Bd3 Bg7 8. Nge2
O-O 9. O-O a6 10. a4 Nbd7 11. f4 Re8 12. Ng3 Qc7 13. Qf3 c4 14. Bc2 Nc5 15. h3
Rb8 16. e5 Nfd7 17. Nce4 Nxe4 18. Nxe4 dxe5 19. f5 gxf5 20. d6 Qc6 21. Qxf5 Rf8
22. Ra3 Qd5 23. Rg3 Kh8 24. Rxg7 Qd4+ 25. Kh1 Kxg7 26. Bh6+ Kh8 27. Nf6 1-0

[Event "80. Francia ch femenino"]
[Site "Chartres FRA"]
[Date "2005.08.20"]
[Round "6.6"]
[White "Fruteau, Sabine"]
[Black "Collas, Silvia"]
[Result "1/2-1/2"]
[WhiteElo "2133"]
[BlackElo "2372"]
[PlyCount "81"]
[EventDate "2005.08.15"]
[EventType "tourn"]
[EventRounds "11"]
[EventCountry "FRA"]
[Source "lmi"]
[SourceDate "2005.08.28"]

1. e4 c5 2. Nf3 e6 3. d4 cxd4 4. Nxd4 a6 5. Be2 Nf6 6. Nc3 d6 7. a4 Nc6 8. Be3
Be7 9. O-O O-O 10. Nb3 b6 11. f4 Bb7 12. Bf3 Qc7 13. Qe1 Rfe8 14. Qf2 Nd7 15.
Rad1 Rab8 16. Kh1 Ba8 17. f5 Nde5 18. Be2 Nb4 19. Nd4 Bf8 20. Qg3 Kh8 21. fxe6
fxe6 22. Rxf8+ Rxf8 23. Nxe6 Qe7 24. Nxf8 Qxf8 25. Qf2 Qd8 26. Nd5 Bxd5 27.
exd5 Nxc2 28. Bd2 Qe8 29. b3 a5 30. Rc1 Qg6 31. Bc3 Nb4 32. Bxb4 axb4 33. Qd4
Qg5 34. Rf1 Nd7 35. Bg4 Nc5 36. Qxb4 Qxd5 37. Rd1 Rf8 38. h3 Qxb3 39. Qxb3 Nxb3
40. Rxd6 Nc5 41. Rxb6 1/2-1/2

[Event "80. Francia ch femenino"]
[Site "Chartres FRA"]
[Date "2005.08.21"]
[Round "7.1"]
[White "Flear, Christine"]
[Black "Lallemand, Roza"]
[Result "1-0"]
[WhiteElo "2242"]
[BlackElo "2287"]
[PlyCount "93"]
[EventDate "2005.08.15"]
[EventType "tourn"]
[EventRounds "11"]
[EventCountry "FRA"]
[Source "lmi"]
[SourceDate "2005.08.28"]

1. d4 Nf6 2. c4 d6 3. g3 g6 4. Bg2 Bg7 5. Nf3 O-O 6. O-O Nc6 7. Nc3 a6 8. d5
Na5 9. b3 c5 10. dxc6 Nxc6 11. Bb2 Rb8 12. Qc1 Qa5 13. Rd1 Be6 14. Ng5 Bg4 15.
Nd5 Nxd5 16. Bxg7 Kxg7 17. Rxd5 Qc7 18. Qb2+ Kg8 19. c5 dxc5 20. Rxc5 Qd6 21.
Rd5 Qb4 22. h3 Bf5 23. a3 Qb6 24. g4 Be6 25. Rd3 Rbd8 26. Rad1 Rxd3 27. Rxd3
Qa5 28. Qc1 Bc8 29. Rd5 Qb6 30. b4 f6 31. Ne4 f5 32. gxf5 Bxf5 33. Nc5 a5 34.
Qc4 e6 35. Rd6 Rf7 36. b5 Qc7 37. Nxb7 Qxb7 38. Rxc6 Qe7 39. Rc8+ Kg7 40. Qc3+
e5 41. Rc5 Qf8 42. Qxe5+ Kh6 43. Qe3+ Kg7 44. b6 Re7 45. Rc7 Rxc7 46. Qe5+ Kh6
47. Qxc7 1-0

[Event "80. Francia ch femenino"]
[Site "Chartres FRA"]
[Date "2005.08.21"]
[Round "7.2"]
[White "Collas, Silvia"]
[Black "Martsynovskaya, Marina"]
[Result "0-1"]
[WhiteElo "2372"]
[BlackElo "2252"]
[PlyCount "76"]
[EventDate "2005.08.15"]
[EventType "tourn"]
[EventRounds "11"]
[EventCountry "FRA"]
[Source "lmi"]
[SourceDate "2005.08.28"]

1. Nf3 d5 2. d4 Nf6 3. c4 dxc4 4. e3 c5 5. Bxc4 cxd4 6. exd4 e6 7. O-O Be7 8.
Nc3 O-O 9. Re1 Nbd7 10. Qe2 Nb6 11. Bd3 Bd7 12. Ne5 Bc6 13. Be3 Rc8 14. Rac1
Nbd5 15. Nxc6 bxc6 16. Na4 Qa5 17. b3 Nxe3 18. Qxe3 Nd5 19. Qe4 g6 20. h4 Rfd8
21. Bc4 Bf6 22. g3 Ne7 23. Bxe6 fxe6 24. Qxe6+ Kg7 25. Nc5 Rxd4 26. h5 gxh5 27.
Qh3 Rd5 28. b4 Qxb4 29. Ne6+ Kh8 30. Nf4 Re5 31. Nd3 Rxe1+ 32. Rxe1 Qg4 33. Qg2
h4 34. Ne5 Bxe5 35. Rxe5 hxg3 36. Rxe7 Qd1+ 37. Qf1 gxf2+ 38. Kg2 Rg8+ 0-1

[Event "80. Francia ch femenino"]
[Site "Chartres FRA"]
[Date "2005.08.21"]
[Round "7.3"]
[White "Benmesbah, Natacha"]
[Black "Fruteau, Sabine"]
[Result "0-1"]
[WhiteElo "2127"]
[BlackElo "2133"]
[PlyCount "96"]
[EventDate "2005.08.15"]
[EventType "tourn"]
[EventRounds "11"]
[EventCountry "FRA"]
[Source "lmi"]
[SourceDate "2005.08.28"]

1. e4 e5 2. Bc4 Nc6 3. Nf3 Bc5 4. c3 Nf6 5. d4 exd4 6. cxd4 Bb4+ 7. Bd2 Bxd2+
8. Nbxd2 d5 9. exd5 Nxd5 10. Qb3 Na5 11. Qa4+ Nc6 12. Ne5 O-O 13. Nxc6 Qe8+ 14.
Kf1 Nb6 15. Qb5 bxc6 16. Qe5 Qxe5 17. dxe5 Nxc4 18. Nxc4 Ba6 19. Rc1 Rfe8 20.
f4 Rad8 21. g3 Rd4 22. b3 g5 23. fxg5 Rxe5 24. Kf2 Rxg5 25. Rcd1 Rgd5 26. Rxd4
Rxd4 27. Ke3 c5 28. Nb2 Bb5 29. Rc1 Rd5 30. a4 Ba6 31. Rc2 Kf8 32. Nc4 Ke7 33.
Nb2 Ke6 34. Nc4 Rd4 35. Na5 Kd5 36. Rc3 Rb4 37. Rc1 Re4+ 38. Kf3 Be2+ 39. Kf2
Bg4 40. Rc2 Bd1 41. Rc1 Be2 42. b4 c4 43. b5 Bd3 44. Nc6 Kc5 45. Nxa7 Re2+ 46.
Kf3 Ra2 47. Nc6 Rxa4 48. Ne5 Bg6 0-1

[Event "80. Francia ch femenino"]
[Site "Chartres FRA"]
[Date "2005.08.21"]
[Round "7.4"]
[White "Milliet, Sophie"]
[Black "Leconte, Maria"]
[Result "1/2-1/2"]
[WhiteElo "2321"]
[BlackElo "2296"]
[PlyCount "48"]
[EventDate "2005.08.15"]
[EventType "tourn"]
[EventRounds "11"]
[EventCountry "FRA"]
[Source "lmi"]
[SourceDate "2005.08.28"]

1. e4 e6 2. d4 d5 3. e5 c5 4. c3 Nc6 5. Nf3 Bd7 6. Be2 Nge7 7. Na3 Ng6 8. Nc2
cxd4 9. cxd4 Be7 10. O-O f6 11. Bd3 fxe5 12. Bxg6+ hxg6 13. Nxe5 Nxe5 14. dxe5
Bb5 15. Re1 Bc5 16. Qg4 Qh4 17. Qxh4 Rxh4 18. Bg5 Rc4 19. Ne3 Bxe3 20. Bxe3 Rc2
21. Bd4 Rac8 22. Bc3 Be2 23. f3 Kd7 24. Kf2 Bd3+ 1/2-1/2

[Event "80. Francia ch femenino"]
[Site "Chartres FRA"]
[Date "2005.08.21"]
[Round "7.5"]
[White "Skripchenko, Almira"]
[Black "Wohlers-Armas, Friederike"]
[Result "1-0"]
[WhiteElo "2437"]
[BlackElo "2153"]
[PlyCount "55"]
[EventDate "2005.08.15"]
[EventType "tourn"]
[EventRounds "11"]
[EventCountry "FRA"]
[Source "lmi"]
[SourceDate "2005.08.28"]

1. e4 g6 2. d4 Bg7 3. Nc3 c6 4. f4 d5 5. e5 Nh6 6. Be3 f6 7. Qd2 Ng4 8. Nf3
Nxe3 9. Qxe3 O-O 10. h3 Bh6 11. g3 Qa5 12. O-O-O b5 13. Kb1 b4 14. Ne2 Qc7 15.
Nc1 a5 16. Be2 Nd7 17. h4 fxe5 18. Nxe5 Nxe5 19. dxe5 Bg7 20. h5 Qa7 21. Qd2
Rd8 22. hxg6 hxg6 23. Bd3 Kf7 24. Qe2 Ba6 25. Bxg6+ Kf8 26. Qg4 Bc8 27. e6 Qe3
28. Bf7 1-0

[Event "80. Francia ch femenino"]
[Site "Chartres FRA"]
[Date "2005.08.23"]
[Round "8.1"]
[White "Milliet, Sophie"]
[Black "Collas, Silvia"]
[Result "0-1"]
[WhiteElo "2321"]
[BlackElo "2372"]
[PlyCount "118"]
[EventDate "2005.08.15"]
[EventType "tourn"]
[EventRounds "11"]
[EventCountry "FRA"]
[Source "lmi"]
[SourceDate "2005.08.28"]

1. e4 c5 2. Nf3 e6 3. d4 cxd4 4. Nxd4 a6 5. Bd3 Nf6 6. O-O d6 7. c4 b6 8. Kh1
Bb7 9. Nc3 g6 10. Nf3 Nc6 11. Bf4 Nd7 12. Qd2 Nde5 13. Be2 Be7 14. Rfd1 O-O 15.
Rac1 Rc8 16. b3 Nxf3 17. Bxf3 Ne5 18. Be2 g5 19. Bxe5 dxe5 20. Qe3 Qc7 21. Na4
h6 22. f3 Bc5 23. Nxc5 bxc5 24. Rd3 Rfd8 25. a3 Rxd3 26. Qxd3 Rd8 27. Qc3 a5
28. b4 axb4 29. axb4 f5 30. bxc5 Qxc5 31. Qb3 Bc6 32. h3 Kg7 33. Rd1 Rxd1+ 34.
Qxd1 Qd4 35. Qxd4 exd4 36. exf5 exf5 37. Bd3 Kf6 38. Kg1 Ke5 39. Kf2 h5 40. Bc2
h4 41. Bd3 Bd7 42. Ke2 Kd6 43. Bb1 Be6 44. Kd3 Kc5 45. Ba2 Bf7 46. Bb3 Bg6 47.
Ba2 f4+ 48. Kd2 Kb4 49. c5 Kxc5 50. Bb3 Bf5 51. Bd1 Be6 52. Kd3 Bd5 53. Ba4
Bc4+ 54. Ke4 Bf1 55. Kf5 d3 56. Kxg5 Kb4 57. Bd1 Be2 58. Kxf4 Bxd1 59. Ke3 Kc3
0-1

[Event "80. Francia ch femenino"]
[Site "Chartres FRA"]
[Date "2005.08.23"]
[Round "8.2"]
[White "Muller, Anne"]
[Black "Flear, Christine"]
[Result "1/2-1/2"]
[WhiteElo "2169"]
[BlackElo "2242"]
[PlyCount "29"]
[EventDate "2005.08.15"]
[EventType "tourn"]
[EventRounds "11"]
[EventCountry "FRA"]
[Source "lmi"]
[SourceDate "2005.08.28"]

1. e4 c5 2. Nf3 Nf6 3. e5 Nd5 4. Nc3 e6 5. Nxd5 exd5 6. d4 Nc6 7. dxc5 Bxc5 8.
Qxd5 d6 9. exd6 Qb6 10. Bc4 Bxf2+ 11. Ke2 O-O 12. Rd1 Be6 13. Qb5 Nd4+ 14. Nxd4
Bxd4 15. Kf3 1/2-1/2

[Event "80. Francia ch femenino"]
[Site "Chartres FRA"]
[Date "2005.08.23"]
[Round "8.3"]
[White "Fruteau, Sabine"]
[Black "Skripchenko, Almira"]
[Result "0-1"]
[WhiteElo "2133"]
[BlackElo "2437"]
[PlyCount "38"]
[EventDate "2005.08.15"]
[EventType "tourn"]
[EventRounds "11"]
[EventCountry "FRA"]
[Source "lmi"]
[SourceDate "2005.08.28"]

1. e4 c5 2. Nf3 Nc6 3. Bb5 e6 4. Nc3 Nd4 5. O-O a6 6. Bd3 Nc6 7. Re1 g5 8. h3
h5 9. Nh2 Bd6 10. Be2 g4 11. g3 h4 12. Bxg4 hxg3 13. fxg3 Bxg3 14. Rf1 Qc7 15.
Nf3 Nf6 16. Ng5 Bh4 17. Rxf6 Qg3+ 18. Kh1 Bxg5 19. Rf1 Ne5 0-1

[Event "80. Francia ch femenino"]
[Site "Chartres FRA"]
[Date "2005.08.23"]
[Round "8.5"]
[White "Wohlers-Armas, Friederike"]
[Black "Cochet, Caroline"]
[Result "1/2-1/2"]
[WhiteElo "2153"]
[BlackElo "2136"]
[PlyCount "29"]
[EventDate "2005.08.15"]
[EventType "tourn"]
[EventRounds "11"]
[EventCountry "FRA"]
[Source "lmi"]
[SourceDate "2005.08.28"]

1. d4 d5 2. c4 e6 3. Nc3 Bb4 4. Qa4+ Nc6 5. a3 Be7 6. e4 Nf6 7. cxd5 exd5 8. e5
Ne4 9. Nxe4 dxe4 10. Be3 O-O 11. Bc4 Kh8 12. Ne2 f6 13. O-O fxe5 14. d5 Nd4 15.
Nxd4 1/2-1/2

[Event "80. Francia ch femenino"]
[Site "Chartres FRA"]
[Date "2005.08.23"]
[Round "8.6"]
[White "Martsynovskaya, Marina"]
[Black "Benmesbah, Natacha"]
[Result "0-1"]
[WhiteElo "2252"]
[BlackElo "2127"]
[PlyCount "46"]
[EventDate "2005.08.15"]
[EventType "tourn"]
[EventRounds "11"]
[EventCountry "FRA"]
[Source "lmi"]
[SourceDate "2005.08.28"]

1. e4 c5 2. Nf3 d6 3. d4 cxd4 4. Nxd4 Nf6 5. Nc3 g6 6. Be2 Bg7 7. Be3 O-O 8.
O-O Nc6 9. f3 d5 10. exd5 Nxd5 11. Nxd5 Qxd5 12. Nxc6 bxc6 13. c3 Bf5 14. Qc1
a5 15. Rd1 Qe5 16. Bc4 Qc7 17. Qd2 a4 18. Bc5 Be5 19. g3 Rfb8 20. Kg2 a3 21. b3
Ra5 22. b4 Rxc5 23. bxc5 Rb2 0-1

[Event "80. Francia ch femenino"]
[Site "Chartres FRA"]
[Date "2005.08.24"]
[Round "9.2"]
[White "Cochet, Caroline"]
[Black "Fruteau, Sabine"]
[Result "1/2-1/2"]
[WhiteElo "2136"]
[BlackElo "2133"]
[PlyCount "21"]
[EventDate "2005.08.15"]
[EventType "tourn"]
[EventRounds "11"]
[EventCountry "FRA"]
[Source "lmi"]
[SourceDate "2005.08.28"]

1. e4 e5 2. Nf3 Nc6 3. d4 exd4 4. Bc4 Nf6 5. e5 Ne4 6. Qe2 Nc5 7. O-O Be7 8. c3
d3 9. Bxd3 Nxd3 10. Qxd3 d5 11. Bf4 1/2-1/2

[Event "80. Francia ch femenino"]
[Site "Chartres FRA"]
[Date "2005.08.24"]
[Round "9.3"]
[White "Benmesbah, Natacha"]
[Black "Milliet, Sophie"]
[Result "0-1"]
[WhiteElo "2127"]
[BlackElo "2321"]
[PlyCount "72"]
[EventDate "2005.08.15"]
[EventType "tourn"]
[EventRounds "11"]
[EventCountry "FRA"]
[Source "lmi"]
[SourceDate "2005.08.28"]

1. e4 c5 2. Nf3 e6 3. b3 b6 4. Bb2 Bb7 5. Bd3 Nc6 6. O-O Nb4 7. Re1 Nxd3 8.
cxd3 Nf6 9. Nc3 Be7 10. d4 O-O 11. dxc5 bxc5 12. d4 d5 13. e5 Ne4 14. dxc5 Bxc5
15. Nxe4 dxe4 16. Nd2 Bb4 17. Re2 Qh4 18. Nc4 Rfd8 19. Qc2 Rac8 20. Rd1 Bd5 21.
h3 Qg5 22. Qc1 e3 23. fxe3 Bf3 24. Rxd8+ Rxd8 25. Qf1 Bxe2 26. Qxe2 Bc5 27. Bc3
Qf5 28. Ba5 Qb1+ 29. Kh2 Rd5 30. Qf3 Qxa2 31. e4 Rd7 32. Qc3 Qf2 33. Nd6 Qf4+
34. Kh1 Qf1+ 35. Kh2 Bg1+ 36. Kg3 Qf2+ 0-1

[Event "80. Francia ch femenino"]
[Site "Chartres FRA"]
[Date "2005.08.24"]
[Round "9.4"]
[White "Collas, Silvia"]
[Black "Leconte, Maria"]
[Result "1/2-1/2"]
[WhiteElo "2372"]
[BlackElo "2296"]
[PlyCount "90"]
[EventDate "2005.08.15"]
[EventType "tourn"]
[EventRounds "11"]
[EventCountry "FRA"]
[Source "lmi"]
[SourceDate "2005.08.28"]

1. Nf3 c5 2. c4 Nc6 3. d4 cxd4 4. Nxd4 g6 5. e4 Bg7 6. Be3 Nf6 7. Nc3 Ng4 8.
Qxg4 Nxd4 9. Qd1 Ne6 10. Qd2 Qa5 11. Rc1 b6 12. Be2 Bb7 13. f3 f5 14. exf5 gxf5
15. O-O Rg8 16. Rfd1 d6 17. Nb5 Qxd2 18. Rxd2 Be5 19. b4 a6 20. Nc3 Bf4 21. Nd1
Rc8 22. Kh1 Kf7 23. Bxf4 Nxf4 24. Bf1 Kf6 25. Ne3 b5 26. c5 dxc5 27. bxc5 Ne6
28. a4 bxa4 29. Rdc2 Nd4 30. Rc4 Nb3 31. R1c2 Bc6 32. Rf4 e6 33. Bxa6 Ra8 34.
Bc4 Kg5 35. g3 Kf6 36. Kg2 Ra5 37. Nxf5 e5 38. Rh4 Rd8 39. g4 Bd7 40. Rh6+ Kg5
41. h4+ Kf4 42. c6 Bxf5 43. gxf5 Nd4 44. c7 Rf8 45. Ra2 Rc5 1/2-1/2

[Event "80. Francia ch femenino"]
[Site "Chartres FRA"]
[Date "2005.08.24"]
[Round "9.5"]
[White "Skripchenko, Almira"]
[Black "Martsynovskaya, Marina"]
[Result "1-0"]
[WhiteElo "2437"]
[BlackElo "2252"]
[PlyCount "75"]
[EventDate "2005.08.15"]
[EventType "tourn"]
[EventRounds "11"]
[EventCountry "FRA"]
[Source "lmi"]
[SourceDate "2005.08.28"]

1. d4 d5 2. c4 dxc4 3. Nf3 Nf6 4. e3 e6 5. Bxc4 Be7 6. O-O a6 7. Qe2 Nbd7 8.
Rd1 b5 9. Bd3 c5 10. dxc5 Bxc5 11. Nbd2 Bb7 12. a3 O-O 13. b4 Bd6 14. Bb2 Rc8
15. Nb3 Qc7 16. h3 Bd5 17. Na5 Ne5 18. Rac1 Nxf3+ 19. gxf3 Qe7 20. Rxc8 Rxc8
21. e4 Nh5 22. exd5 Qg5+ 23. Kf1 Nf4 24. Qe3 Qh4 25. Qd4 Qxh3+ 26. Ke1 Ng2+ 27.
Ke2 Nf4+ 28. Kd2 e5 29. Qe4 Qh6 30. Qe3 Qh5 31. Rg1 f6 32. Nb7 Nxd5 33. Qe4
Qh6+ 34. Kd1 Nc3+ 35. Bxc3 Rxc3 36. Nxd6 Qc1+ 37. Ke2 Qb2+ 38. Ke3 1-0

[Event "80. Francia ch femenino"]
[Site "Chartres FRA"]
[Date "2005.08.24"]
[Round "9.6"]
[White "Lallemand, Roza"]
[Black "Muller, Anne"]
[Result "1-0"]
[WhiteElo "2287"]
[BlackElo "2169"]
[PlyCount "83"]
[EventDate "2005.08.15"]
[EventType "tourn"]
[EventRounds "11"]
[EventCountry "FRA"]
[Source "lmi"]
[SourceDate "2005.08.28"]

1. e4 c5 2. Nf3 d6 3. d4 cxd4 4. Nxd4 Nf6 5. Nc3 Nc6 6. Bg5 e6 7. Qd3 Be7 8.
Rd1 Nxd4 9. Qxd4 O-O 10. Be2 Qa5 11. Bd2 Qc7 12. O-O a6 13. Kh1 b5 14. f4 Bb7
15. Bf3 Rfd8 16. f5 d5 17. exd5 e5 18. Qf2 b4 19. Ne4 Nxd5 20. Qg3 Nf6 21. Bh6
Ne8 22. Bxg7 Nxg7 23. f6 Bf8 24. fxg7 Bxg7 25. Nf6+ Kh8 26. Rxd8+ Rxd8 27. Bxb7
Qxb7 28. Nxh7 Qd5 29. Qh4 Kg8 30. Ng5 f6 31. Qh7+ Kf8 32. Qf5 Ke7 33. Qg6 Rg8
34. Ne4 Bh8 35. Qf5 a5 36. h3 a4 37. Qf3 Rf8 38. Rd1 Qxa2 39. Qf2 Rc8 40. Qa7+
Kf8 41. Nd6 Rxc2 42. Nf5 1-0

[Event "80. Francia ch femenino"]
[Site "Chartres FRA"]
[Date "2005.08.25"]
[Round "10.1"]
[White "Collas, Silvia"]
[Black "Benmesbah, Natacha"]
[Result "1/2-1/2"]
[WhiteElo "2372"]
[BlackElo "2127"]
[PlyCount "81"]
[EventDate "2005.08.15"]
[EventType "tourn"]
[EventRounds "11"]
[EventCountry "FRA"]
[Source "lmi"]
[SourceDate "2005.08.28"]

1. Nf3 Nf6 2. d4 c5 3. e3 g6 4. c4 Bg7 5. Be2 O-O 6. O-O b6 7. Nc3 cxd4 8. exd4
Bb7 9. d5 e6 10. Bg5 exd5 11. Nxd5 Na6 12. Nd4 Rc8 13. Rc1 Bxd5 14. cxd5 Rxc1
15. Qxc1 Nb4 16. Bc4 Qa8 17. Bxf6 Bxf6 18. Qf4 Bg7 19. d6 Nd5 20. Qd2 Nf6 21.
Nf3 Ne4 22. Qb4 Nc5 23. Rd1 Qe4 24. h4 Qc2 25. Rd2 Qc1+ 26. Kh2 Ne4 27. Re2
Qf4+ 28. g3 Qxf3 29. Rxe4 Qxf2+ 30. Kh3 Qf5+ 31. Kh2 Qf2+ 32. Kh3 Bxb2 33. Rf4
Qc2 34. Qb5 Bc1 35. Rf1 Ba3 36. Qd5 b5 37. Qxb5 Qe4 38. Bd5 Qe8 39. Rf6 Kg7 40.
Qf1 Bb2 41. Rf3 1/2-1/2